00607nam a2200193 u 450000100100000000500170001000800410002704000250006808200150009310000290010824501270013726000350026430000210029949000130032070000350033383000190036804900090038799900170039600002526820200930023654.0110209s1970 ve r 000 | spa d aDO-SdBNPbspacBNPHU axxxbB468c1 aBenko, François95177513aLa ciencia de la sociedad global :bensayo sobre el diagnóstico macrosocial /cFrançois Benko; prólogo Alfred Sauvy. aCaracas :bMonte Avila,c1970. a128 p. ;c19 cm.1 aEstudios1 aSauvy , Alfredepról.951776 0aEstudios93854 aBNGR c24761d24761